| 000 | 00705nam a22002055i 4500 | ||
|---|---|---|---|
| 001 | 177219 | ||
| 003 | ES-MaACL | ||
| 005 | 20230906220259.0 | ||
| 008 | 110309s1958 sp o |||| | spa d | ||
| 080 | _a725.94(460.32 P.) | ||
| 100 | 1 |
_aMatheu Mulet, Pedro-Antonio. _9145505 |
|
| 245 | 1 | 0 |
_aPalma de Mallorca monumental / _cpor Pedro Antonio Matheu Mulet. |
| 260 |
_aMadrid : _bPlus-Ultra, _c[1958] |
||
| 300 |
_a156 p. : _bfot. bl. y n. ; _c22 cm. |
||
| 490 | 1 |
_aLos monumentos cardinales de España ; _v20 |
|
| 650 | 4 |
_aMonumentos- _zPalma de Mallorca. _915183 |
|
| 830 | 1 |
_aLos monumentos cardinales de España ; _v20 _9190368 |
|
| 852 |
_aES-MaACL _jE-14633 _xOlim P-1021 |
||
| 999 |
_c177219 _d177219 |
||